| 000 | 01246cad a22001935a 4500 | ||
|---|---|---|---|
| 001 | L152148 | ||
| 008 | 110203s2010 xxk f 000 0 eng d | ||
| 035 | _a(Sirsi) u152148 | ||
| 041 | 0 | _aeng | |
| 110 | 2 |
_aNatural England _95071 |
|
| 245 | 0 | 0 |
_aAssessing and responding to climate risks to Natural England's objectives _breport to the Secretary of State for Environment, Food and Rural Affairs _h[electronic resource] |
| 260 |
_a[S.l.] _bNatural England _c2010 |
||
| 520 | _aProcesses involved in assessing climate risks to Natural England's corporate objectives and the identification and implementation of appropriate responses. This is still a work in progress and a more detailed report will follow in late 2011 or early 2012. This is part of a series of reports which DEFRA have published from seven organisations which anyalyse how they are preparing for the threats and opportunities which climate change will pose. | ||
| 590 | _aKA | ||
| 651 | 4 |
_aEngland and Wales _y1543- |
|
| 690 | _aENVIRONMENTAL AND LAND CONSULTANCY-ENVIRONMENTAL MANAGEMENT | ||
| 856 | 4 | 0 |
_uhttps://www.defra.gov.uk/environment/climate/documents/interim2/natural-england-climate-risk-report-1010.pdf _zView the item free of charge at www.defra.gov.uk |
| 942 | _n0 | ||
| 999 |
_c111892 _d111892 |
||